000
00285nam a22001217a 4500
008
170717b xxu||||| |||| 00| 0 eng d
041
_a
eng
080
_a
821
100
_a
21
101
_a
GJL
245
_a
MANUAL OF THE HISTORY OF FRENCH LITERATURE
_c
BRUNETIERE, F
942
_2
udc
_c
BK
999
_c
21364
_d
21364